|
|
|
|
| LEADER |
02632nam a22006015i 4500 |
| 001 |
978-3-319-22264-6 |
| 003 |
DE-He213 |
| 005 |
20151103132125.0 |
| 007 |
cr nn 008mamaa |
| 008 |
150821s2015 gw | s |||| 0|eng d |
| 020 |
|
|
|a 9783319222646
|9 978-3-319-22264-6
|
| 024 |
7 |
|
|a 10.1007/978-3-319-22264-6
|2 doi
|
| 040 |
|
|
|d GrThAP
|
| 050 |
|
4 |
|a QA76.9.L63
|
| 050 |
|
4 |
|a QA76.5913
|
| 050 |
|
4 |
|a QA76.63
|
| 072 |
|
7 |
|a UM
|2 bicssc
|
| 072 |
|
7 |
|a UYF
|2 bicssc
|
| 072 |
|
7 |
|a COM051000
|2 bisacsh
|
| 072 |
|
7 |
|a COM036000
|2 bisacsh
|
| 082 |
0 |
4 |
|a 005.1015113
|2 23
|
| 245 |
1 |
0 |
|a Quantitative Evaluation of Systems
|h [electronic resource] :
|b 12th International Conference, QEST 2015, Madrid, Spain, September 1-3, 2015, Proceedings /
|c edited by Javier Campos, Boudewijn R. Haverkort.
|
| 250 |
|
|
|a 1st ed. 2015.
|
| 264 |
|
1 |
|a Cham :
|b Springer International Publishing :
|b Imprint: Springer,
|c 2015.
|
| 300 |
|
|
|a XVI, 329 p. 99 illus.
|b online resource.
|
| 336 |
|
|
|a text
|b txt
|2 rdacontent
|
| 337 |
|
|
|a computer
|b c
|2 rdamedia
|
| 338 |
|
|
|a online resource
|b cr
|2 rdacarrier
|
| 347 |
|
|
|a text file
|b PDF
|2 rda
|
| 490 |
1 |
|
|a Lecture Notes in Computer Science,
|x 0302-9743 ;
|v 9259
|
| 520 |
|
|
|a This book constitutes the proceedings of the 12th International Conference on Quantitative Evaluation of Systems, QEST 2015, held in Madrid, Spain, in September 2015. The 19 papers presented were carefully reviewed and selected from 42 submissions. They are organized in topical sections named: modelling and applications; tools; petri nets, process algebra and fault trees; applications; and queuing systems and hybrid systems. The book also contains one full-paper invited talk.
|
| 650 |
|
0 |
|a Computer science.
|
| 650 |
|
0 |
|a Computer system failures.
|
| 650 |
|
0 |
|a Computers.
|
| 650 |
|
0 |
|a Computer logic.
|
| 650 |
|
0 |
|a Mathematical statistics.
|
| 650 |
|
0 |
|a Computer simulation.
|
| 650 |
1 |
4 |
|a Computer Science.
|
| 650 |
2 |
4 |
|a Logics and Meanings of Programs.
|
| 650 |
2 |
4 |
|a System Performance and Evaluation.
|
| 650 |
2 |
4 |
|a Probability and Statistics in Computer Science.
|
| 650 |
2 |
4 |
|a Computation by Abstract Devices.
|
| 650 |
2 |
4 |
|a Simulation and Modeling.
|
| 700 |
1 |
|
|a Campos, Javier.
|e editor.
|
| 700 |
1 |
|
|a Haverkort, Boudewijn R.
|e editor.
|
| 710 |
2 |
|
|a SpringerLink (Online service)
|
| 773 |
0 |
|
|t Springer eBooks
|
| 776 |
0 |
8 |
|i Printed edition:
|z 9783319222639
|
| 830 |
|
0 |
|a Lecture Notes in Computer Science,
|x 0302-9743 ;
|v 9259
|
| 856 |
4 |
0 |
|u http://dx.doi.org/10.1007/978-3-319-22264-6
|z Full Text via HEAL-Link
|
| 912 |
|
|
|a ZDB-2-SCS
|
| 912 |
|
|
|a ZDB-2-LNC
|
| 950 |
|
|
|a Computer Science (Springer-11645)
|